00254 a2200109 4500001000700000040003500007100001400042240003800056245003300094300000800127362000900135156184 cEscola São Tomás de Aquino aJAF, Ivan10aDona Casmurra e seu tigrãolpor10aDona Casmurra e seu tigrão a1600 a2014